000 00735nam a2200217Ii 4500
003 JO-AjNU
008 230605s9999||||xx |||||||||||||| ||und||
020 _a9953-72-119
040 _aJO-AjNU
_bara
_erda
_cJO-AjNU
041 _aara
050 1 4 _aRA601.H42 1996
100 3 _aرزق ، هيام/ م مشارك معصوم علامة ,
_eauthor
_919588
245 0 0 _aاسرار الشفاء بالطبيعة
264 3 1 _aبيروت:دار القلم ، 1996
300 _a106ص
336 _atext
_btxt
_2rdacontent
337 _aunmediated
_bn
_2rdamedia
338 _avolume
_bnc
_2rdacarrier
490 0 _aسلسلة دليلك الطبي الطبيعي
650 4 _aاالشفاء من الامراض- الطبيعة
_919589
999 _aA6490
_c10058
_d10058